000
00351 a2200169 4500
001
73126
020
_a
8516031306
040
_c
Anchieta - Colégio São Paulo
100
_a
Magnoli, Demétrio
240
1
0
_a
Géia
_l
por
245
1
0
_a
Géia
300
_a
221
362
0
_a
2003
440
1
_a
Moderna
650
4
_a
Geografia e viagens
942
_c
BK
999
_c
73126
_d
73126